000 00731nam a2200253Ia 4500
003 OSt
005 20220918170946.0
006 a|||||r|||| 00| 0
007 ta
008 220917b |||||||| |||| 00| 0 eng d
020 _a9781107001558 (hbk)
_c4746.5
024 _a265,954
037 _b411, 28/09/2012, Bharatiya Sahitya Bhavana
_cTextual
040 _aARTS
_cARTS
_beng
041 _2eng
_aeng
082 _aR3xL62:g, Q1
100 _aJames David
_932626
245 0 _aFichtes social and political philosophy
260 _c2011
300 _a222p.
_ccm.
650 _aPHILOSOPHY
942 _hR3xL62:g, Q1
_cTEXL
_2CC
999 _c136918
_d136918